000 00337nam a2200133Ia 4500
008 240624s9999 xx 000 0 und d
041 _aeng
082 _a519.8 SIN
100 _aSINGH Y KIRANI
245 _aMATLAB PROGRAMMING
260 _c2007
_aNew Delhi
_bPrentice-Hall of India
300 _axvii, : 370 : p. : cm. ; 25
365 _cRS
999 _c5638
_d5638